The Czechoslovak Economy 1948-1988 : (Record no. 618014)

MARC details
000 -LEADER
fixed length control field 00527nam a2200193 a 4500
008 - FIXED-LENGTH DATA ELEMENTS--GENERAL INFORMATION
fixed length control field 260318s2010##################000#0#eng##
020 ## - INTERNATIONAL STANDARD BOOK NUMBER
ISBN 9780521143769
082 04 - DEWEY DECIMAL CLASSIFICATION NUMBER
Classification number 338.9437
Item number MYA
100 1# - MAIN ENTRY--AUTHOR NAME
Personal name Myant, Martin,
245 10 - TITLE STATEMENT
Title The Czechoslovak Economy 1948-1988 :
260 ## - PUBLICATION, DISTRIBUTION, ETC. (IMPRINT)
Name of publisher Cambridge University Press,
Year of publication 2010.
300 ## - PHYSICAL DESCRIPTION
Number of Pages 340 pages
650 #0 - SUBJECT ADDED ENTRY--TOPICAL TERM
Topical Term Business & Economics.
942 ## - ADDED ENTRY ELEMENTS (KOHA)
Koha item type English Books
Holdings
Withdrawn status Lost status Damaged status Not for loan Home library Current library Shelving location Date acquired Full call number Accession Number Price effective from Koha item type
        Anna Centenary Library Anna Centenary Library 4TH FLOOR, A WING 18.03.2026 338.9437 MYA 236123 18.03.2026 English Books

Find us on the map